000 00837nam a22001817a 4500
999 _c189428
_d189428
005 20220702113003.0
010 _aB-744781 RP Aruna Nagar
020 _c80.00
035 _aB-744781
037 _bPansy Books
082 _a345.40752
245 _aThe Limitation Act Act, 1963:
_b(36 of 1963) as amended by The Jammu and Kashmir Reorganisation Act, 2019 (34 of 2019) with Model Specimens of Affidavit for Condonation of Delay /
260 _aGurgaon
_bLexisNexis
_c2022
270 _a14th Floor, Building No.10, Tower-B, DLF Cyber City, Phase-II
_bGurgaon
_e122002
_k911244774444
300 _ai,7p.
_c23cm(pbk)
942 _2ddc
_cEN
_mLIM
_h345.40752